000 00329nam a22001337a 4500
005 20171211151722.0
008 171211b xxu||||| |||| 00| 0 eng d
040 _cPK-LaUMT
082 _aPKAC 297.7209561
_bBAD-
245 _aBadee-Uz-Zaman Said noorsi of Turkey/
260 _a[ ]
_b[ ]
_c1974
300 _a78 p.
942 _cBK
999 _c100692
_d100692